| 000 | 01029cam a2200325 a 4500 | ||
|---|---|---|---|
| 999 |
_c331539 _d331539 |
||
| 001 | 4940664 | ||
| 003 | NUST | ||
| 005 | 20171004105408.0 | ||
| 008 | 951113s1995 ii b b 001 0 eng | ||
| 010 | _a 95906282 | ||
| 020 | _a0706995708 | ||
| 025 | _aI-E-95906282 | ||
| 040 |
_aDLC _cDLC _dDLC |
||
| 042 | _alcode | ||
| 043 | _aa-ii--- | ||
| 050 | 0 | 0 |
_aDS432.M84 _bK398 1995 |
| 082 |
_a320.954 _bKHA |
||
| 100 | 1 |
_aKhalidi, Omar. _95176 |
|
| 245 | 1 | 0 |
_aIndian Muslims since independence / _cOmar Khalidi. |
| 260 |
_aNew Delhi : _bVikas Pub. House, _c1995. |
||
| 300 |
_a246 p. : _bmaps ; _c22 cm. |
||
| 504 | _aIncludes bibliographical references and index. | ||
| 650 | 0 |
_aMuslims _zIndia _xEconomic conditions. _95177 |
|
| 650 | 0 |
_aMuslims _zIndia _xSocial conditions. _95178 |
|
| 651 | 0 |
_aIndia _xEconomic conditions _y1947- _95179 |
|
| 651 | 0 |
_aIndia _xSocial conditions _y1947- _95180 |
|
| 906 |
_a7 _bcbc _corigode _d3 _encip _f19 _gy-gencatlg |
||
| 942 |
_2ddc _cBK |
||